000 00758nam a2200205Ia 4500
003 GCL
008 140319s9999 xx 000 0 ara d
040 _aGCL /
_cGCL
082 0 4 _aط
_b813.02
_bا ز
100 1 _aاصلاح اسماعيل
245 1 0 _aزهرة من كل بستان : عدالة السماء- صديق الاطفال- مكتبة المدرسة -احلام المدرسة الجديدة- اوهام صغيرة /
_cاصلاح اسماعيل
700 1 _aسها سليمان
260 _aالقاهرة :
_bدار الفكر العربى
300 _aمتعدد ؛
_c15 سم
490 _aزهرة من كل بستان
_v0
650 0 4 _aالاطفال
650 0 4 _aالقصص
650 0 4 _aقصص الاطفال
942 _2ddc
_cBK
999 _c36306
_d36306